| 000 | 01973nam a2200517 i 4500 | ||
|---|---|---|---|
| 001 | 28904 | ||
| 003 | KOSZ 005 | ||
| 005 | 20240405063045.0 | ||
| 008 | 201103s1989 pl a g 001 0 pol d | ||
| 040 |
_aKOSZ 005 _cKOSZ 005/RW |
||
| 045 |
_bd1918 _bd1919 |
||
| 046 | _k1989 | ||
| 080 | _a94(438).08 | ||
| 100 | 1 |
_aPolak, Irmina _eAutor |
|
| 245 | 1 | 0 |
_aWielkopolska w dobie powstania 1918-1919 (kronika wydarzeń) / _cIrmina Polak, Bogusław Polak ; Wyższa Szkoła Inżynierska w Koszalinie. |
| 246 | 1 | 4 | _aPowstanie Wielkopolskie 1918-1919 : kronika wydarzeń |
| 260 |
_aKoszalin : _bWydawnictwo Uczelniane Wyzszej Szkoły Inżynierskiej, _c1989. |
||
| 300 |
_a140, [15] stron : _bilustracje ; _c24 cm. |
||
| 336 |
_aTekst _btxt _2rdacontent |
||
| 337 |
_aBez urządzenia pośredniczącego _bn _2rdamedia |
||
| 338 |
_aWolumin _bnc _2rdacarrier |
||
| 380 | _aKsiążki | ||
| 380 | _aPublikacje naukowe | ||
| 388 | 1 | _a1901-2000 | |
| 388 | 1 | _a1989-2000 | |
| 490 | 1 |
_aDzieje Militarne Pomorza 1914-195 / Instytut Nauk Społecznych ; _vnr 5 |
|
| 500 | _aNa stronie redakcyjnej nr ISSN 0239-7129. | ||
| 504 | _aIndeksy. | ||
| 648 | 7 | _a1901-2000 | |
| 648 | 7 | _a1914-1918 | |
| 648 | 7 | _a1918-1939 | |
| 650 | 7 | _aPowstanie wielkopolskie (1918-1919) | |
| 650 | 7 | _aPolityka | |
| 650 | 7 | _aGospodarka | |
| 650 | 7 | _aWojsko | |
| 651 | 7 | _aWielkopolska (region) | |
| 651 | 7 | _aPolska | |
| 655 | 7 | _aWydawnictwo źródłowe | |
| 658 | _aHistoria | ||
| 700 | 1 |
_aPolak, Bogusław _d(1945- ) _eAutor |
|
| 710 | 2 | _aWyższa Szkoła Inżynierska (Koszalin) | |
| 710 | 2 |
_aWydawnictwo Uczelniane (Wyższa Szkoła Inżynierska ; Koszalin) _4pbl |
|
| 830 | 0 |
_aDzieje Militarne Pomorza 1914-1945 _vnr 5 |
|
| 856 |
_uhttp://koha.tu.koszalin.pl/cgi-bin/koha/opac-detail.pl?biblionumber=28904 _yKatalog online BPK |
||
| 942 |
_2UKD _cKS |
||
| 999 |
_c28904 _d28904 |
||